[Event "FICGS W-ch st1 g02 email"]
[Site "FICGS email"]
[Date "2008.07.08"]
[Round "1"]
[White "Fioravanti, Diego"]
[Black "Cusi, Constancio"]
[Result "0-1"]
[WhiteElo "1810"]
[BlackElo "1632"]
[PlyCount "28"]
[EventDate "2008.??.??"]
[EventType "tourn (corr)"]
[EventRounds "8"]
[SourceTitle "Corr 2022"]
[Source "ChessBase"]
[SourceDate "2021.10.24"]
[SourceVersion "1"]
[SourceVersionDate "2021.10.24"]
[SourceQuality "1"]

1. f4 d5 2. Nf3 Bg4 3. Ne5 h5 4. c4 dxc4 5. Na3 Nd7 6. Naxc4 Be6 7. e3 Bd5 8. Nxd7 Qxd7 9. Ne5 Qd6 10. Qa4+ c6 11. e4 Be6 12. d4 b5 13. Qc2 Bd7 14. Be3 Nf6 0-1

[Event "FICGS W-ch st1 g02 email"]
[Site "FICGS email"]
[Date "2008.07.08"]
[Round "1"]
[White "Kepinski, Janusz"]
[Black "Cusi, Constancio"]
[Result "0-1"]
[WhiteElo "1657"]
[BlackElo "1632"]
[PlyCount "52"]
[EventDate "2008.??.??"]
[EventType "tourn (corr)"]
[EventRounds "8"]
[SourceTitle "Corr 2022"]
[Source "ChessBase"]
[SourceDate "2021.10.24"]
[SourceVersion "1"]
[SourceVersionDate "2021.10.24"]
[SourceQuality "1"]

1. d4 Nf6 2. c4 e6 3. e3 d5 4. Nf3 Bb4+ 5. Bd2 Be7 6. Bd3 0-0 7. 0-0 dxc4 8. Bxc4 b6 9. Re1 c5 10. dxc5 Bxc5 11. Nc3 Bb7 12. b3 Nbd7 13. Rc1 a6 14. Na4 Ba3 15. Be2 b5 16. Nc3 Bxc1 17. Bxc1 Rc8 18. Bb2 Qa5 19. Qd4 Rfd8 20. Rc1 Nc5 21. Qf4 Nd3 22. Bxd3 Rxd3 23. b4 Qxa2 24. Rd1 Rxd1+ 25. Nxd1 Qxb2 26. g3 Qb1 0-1

[Event "FICGS rapid B 000091 email"]
[Site "FICGS email"]
[Date "2008.05.15"]
[Round "1"]
[White "Cusi, Constancio"]
[Black "Wu, Sheng"]
[Result "0-1"]
[WhiteElo "1800"]
[BlackElo "1771"]
[PlyCount "22"]
[EventDate "2008.??.??"]
[EventType "tourn (rapid)"]
[EventRounds "6"]
[SourceTitle "Corr 2022"]
[Source "ChessBase"]
[SourceDate "2021.10.24"]
[SourceVersion "1"]
[SourceVersionDate "2021.10.24"]
[SourceQuality "1"]

1. e4 e5 2. Nf3 Nc6 3. Bb5 a6 4. Ba4 Nf6 5. 0-0 Be7 6. Re1 b5 7. Bb3 0-0 8. a4 Bb7 9. d3 d6 10. Bd2 b4 11. h3 d5 0-1